[Event "ENG-ch Senior Over 50"]
[Site "Kenilworth"]
[Date "2024.05.28"]
[Round "7.11"]
[White "Donnelly, Andrew J"]
[Black "Ciuravin, Andrei"]
[Result "0-1"]
[WhiteElo "1782"]
[BlackElo "2046"]
[PlyCount "82"]
[EventDate "2024.05.24"]
[EventType "swiss"]
[EventRounds "7"]
[EventCountry "ENG"]

1. Nf3 c5 2. g3 b6 3. Bg2 Bb7 4. O-O Nf6 5. c4 e6 6. Nc3 a6 7. d3 Be7 8. Bg5 d6
9. Rb1 Qc7 10. Bxf6 Bxf6 11. Ne4 Be7 12. Qc2 O-O 13. h4 Nd7 14. Neg5 Nf6 15. e4
h6 16. Nh3 d5 17. e5 Ng4 18. Rbe1 Rad8 19. Qe2 dxc4 20. dxc4 h5 21. Nf4 g6 22.
Nh2 Nh6 23. g4 hxg4 24. Nxg4 Nf5 25. h5 g5 26. Nh3 Kh8 27. Nf6 Bxg2 28. Kxg2
Bxf6 29. exf6 g4 30. Qxg4 Rg8 31. Ng5 Rxg5 32. Qxg5 Rg8 33. Qxg8+ Kxg8 34. Rh1
Qd8 35. h6 Kh7 36. Rh3 Qxf6 37. b3 Qg5+ 38. Kh2 Qd2 39. Rg1 Qxa2 40. Rg2 Qd2
41. Kh1 b5 0-1

[Event "ENG-ch Senior Over 50"]
[Site "Kenilworth"]
[Date "2024.05.28"]
[Round "7.12"]
[White "Matthews, Adrian MS"]
[Black "Hymer, Barry J"]
[Result "0-1"]
[WhiteElo "1847"]
[BlackElo "1943"]
[PlyCount "76"]
[EventDate "2024.05.24"]
[EventType "swiss"]
[EventRounds "7"]
[EventCountry "ENG"]

1. e4 d6 2. d4 Nf6 3. Bd3 e5 4. c3 d5 5. dxe5 Nxe4 6. Bxe4 dxe4 7. Qxd8+ Kxd8
8. Bf4 Nd7 9. Ne2 Nc5 10. O-O Bg4 11. Nd4 Nd3 12. Bg5+ Kc8 13. h3 Bh5 14. g4
Bg6 15. e6 fxe6 16. Nxe6 Bd6 17. Nd2 h5 18. Nc4 hxg4 19. Nxd6+ cxd6 20. hxg4
Kd7 21. Nf4 Nxf4 22. Bxf4 Rh4 23. Bg3 Rxg4 24. Kg2 Re8 25. Rfe1 Bf7 26. Rad1
Rg6 27. b3 b5 28. Rd4 d5 29. a4 Rc6 30. axb5 Rxc3 31. Ra1 Rxb3 32. Rxa7+ Ke6
33. Ra6+ Kf5 34. b6 Rd8 35. Ra7 Bh5 36. Bc7 Bf3+ 37. Kg3 Bh1+ 38. Kh2 Rh8+ 0-1

[Event "ENG-ch Senior Over 50"]
[Site "Kenilworth"]
[Date "2024.05.28"]
[Round "7.13"]
[White "Drugan, Mark A"]
[Black "Walley, A Clive"]
[Result "0-1"]
[WhiteElo "1779"]
[BlackElo "1885"]
[PlyCount "94"]
[EventDate "2024.05.24"]
[EventType "swiss"]
[EventRounds "7"]
[EventCountry "ENG"]

1. e4 c5 2. Nf3 Nc6 3. Bb5 d6 4. O-O Bd7 5. c3 e5 6. Re1 g6 7. d3 Bg7 8. Nbd2
Nge7 9. Nc4 Qc7 10. Ne3 a6 11. Ba4 b5 12. Bb3 O-O 13. a4 h6 14. Bd2 Kh7 15. Nd5
Qb7 16. Qc2 Be6 17. axb5 axb5 18. Nxe7 Qxe7 19. Bd5 Qd7 20. Bxe6 Qxe6 21. h3 f5
22. exf5 gxf5 23. Rxa8 Rxa8 24. Nh2 Ne7 25. c4 b4 26. f4 Nc6 27. Nf3 Re8 28.
Be3 e4 29. dxe4 Qxe4 30. Qc1 Qd3 31. Bf2 Rxe1+ 32. Qxe1 Qxc4 33. Qe8 Qc1+ 34.
Kh2 Qxf4+ 35. Bg3 Qe4 36. Qf7 Ne5 37. Ng5+ hxg5 38. Qh5+ Bh6 39. Bxe5 Qxe5+ 40.
g3 Qxb2+ 41. Kh1 Qa1+ 42. Kg2 Qb2+ 43. Kh1 Qc1+ 44. Kg2 Qd2+ 45. Kg1 Qe1+ 46.
Kg2 Qe4+ 47. Kg1 Qe6 0-1

[Event "ENG-ch Senior Over 50"]
[Site "Kenilworth"]
[Date "2024.05.28"]
[Round "7.14"]
[White "Tuke, David"]
[Black "Homer, Neil S"]
[Result "1/2-1/2"]
[WhiteElo "1600"]
[BlackElo "1691"]
[PlyCount "39"]
[EventDate "2024.05.24"]
[EventType "swiss"]
[EventRounds "7"]
[EventCountry "ENG"]

1. d4 d5 2. c4 e6 3. Nc3 c5 4. cxd5 exd5 5. Nf3 Nc6 6. g3 Nf6 7. Bg2 Be7 8. O-O
c4 9. Re1 O-O 10. a4 Bb4 11. Bd2 Re8 12. e3 Bf5 13. b3 Na5 14. bxc4 Nxc4 15.
Na2 Bxd2 16. Nxd2 Nxd2 17. Qxd2 Ne4 18. Qb4 Qd7 19. Nc3 Nxc3 20. Qxc3 1/2-1/2

[Event "ENG-ch Senior Over 65"]
[Site "Kenilworth"]
[Date "2024.05.24"]
[Round "1.1"]
[White "Large, Peter G"]
[Black "Fleming, Andrew SJ"]
[Result "1-0"]
[WhiteElo "2313"]
[BlackElo "1905"]
[PlyCount "47"]
[EventDate "2024.05.24"]
[EventType "swiss"]
[EventRounds "7"]
[EventCountry "ENG"]

1. e4 e6 2. d4 d5 3. Nc3 dxe4 4. Nxe4 Bd7 5. Nf3 Bc6 6. Bd3 Nd7 7. O-O Ngf6 8.
Neg5 Bd6 9. Re1 Bxf3 10. Qxf3 c6 11. Qh3 Nf8 12. a4 Qc7 13. a5 O-O-O 14. a6 b6
15. Bd2 h6 16. Ne4 Nxe4 17. Bxe4 f5 18. Bd3 Be7 19. c3 g5 20. Bc4 Rd6 21. Re2
Kb8 22. Rae1 Bf6 23. Bxe6 Nxe6 24. Rxe6 1-0

[Event "ENG-ch Senior Over 65"]
[Site "Kenilworth"]
[Date "2024.05.24"]
[Round "1.2"]
[White "Hutchinson, Norman A"]
[Black "Littlewood, Paul E"]
[Result "0-1"]
[WhiteElo "1952"]
[BlackElo "2317"]
[PlyCount "68"]
[EventDate "2024.05.24"]
[EventType "swiss"]
[EventRounds "7"]
[EventCountry "ENG"]

1. e4 c5 2. c3 Nf6 3. e5 Nd5 4. Nf3 e6 5. d4 cxd4 6. cxd4 d6 7. a3 Bd7 8. Bd3
Bc6 9. O-O Nd7 10. Qe2 Rc8 11. Re1 Be7 12. Bd2 dxe5 13. dxe5 Nc5 14. Bc2 Qb6
15. b4 Na4 16. Rc1 O-O 17. Bg5 Bxg5 18. Nxg5 g6 19. Bxa4 Bxa4 20. Nd2 Qd4 21.
Ndf3 Qf4 22. Qd2 h6 23. Qxf4 Nxf4 24. Rxc8 Rxc8 25. Ne4 Kg7 26. Nc5 Bc6 27. Ne1
Rd8 28. g3 Nh3+ 29. Kf1 Rd2 30. Ned3 b6 31. Ke1 Rc2 32. Nb3 Bb5 33. Nbc1 Ng5
34. Kd1 Ba4 0-1

[Event "ENG-ch Senior Over 65"]
[Site "Kenilworth"]
[Date "2024.05.24"]
[Round "1.3"]
[White "Chapman, Terry PD"]
[Black "De Coverly, Roger D"]
[Result "1-0"]
[WhiteElo "2290"]
[BlackElo "1901"]
[PlyCount "83"]
[EventDate "2024.05.24"]
[EventType "swiss"]
[EventRounds "7"]
[EventCountry "ENG"]

1. d4 Nf6 2. c4 g6 3. Nc3 Bg7 4. e4 d6 5. h3 O-O 6. Be3 e5 7. d5 a5 8. g4 Na6
9. Nge2 c6 10. Ng3 cxd5 11. cxd5 Nc5 12. f3 Bd7 13. Qd2 Ne8 14. h4 f5 15. exf5
gxf5 16. Bg5 Bf6 17. gxf5 Bxg5 18. hxg5 Bxf5 19. Nxf5 Rxf5 20. Rg1 Ng7 21.
O-O-O Qe8 22. Bd3 Nxd3+ 23. Qxd3 Rc8 24. Kb1 Qg6 25. Ne4 Rf4 26. Rh1 Ne8 27.
Rh3 Rc7 28. Rc1 Rxc1+ 29. Kxc1 Qf5 30. Rg3 Kg7 31. Kc2 Rh4 32. Kb3 Qd7 33. a4
Nc7 34. g6 h6 35. Rg2 b5 36. Ka2 bxa4 37. Ng3 Kg8 38. g7 Qf7 39. Nf5 Nxd5 40.
Ka3 Nf4 41. Ne7+ Qxe7 42. Qh7+ 1-0

[Event "ENG-ch Senior Over 65"]
[Site "Kenilworth"]
[Date "2024.05.24"]
[Round "1.4"]
[White "Hawkins, James N"]
[Black "Baker, Chris W"]
[Result "1/2-1/2"]
[WhiteElo "1930"]
[BlackElo "2218"]
[PlyCount "83"]
[EventDate "2024.05.24"]
[EventType "swiss"]
[EventRounds "7"]
[EventCountry "ENG"]

1. d4 Nf6 2. Nf3 g6 3. g3 Bg7 4. Bg2 O-O 5. O-O d6 6. c4 c6 7. Nc3 Nbd7 8. e4
e5 9. dxe5 dxe5 10. h3 Qc7 11. Be3 Re8 12. Qc2 Bf8 13. Rfe1 Bc5 14. Rad1 Bxe3
15. Rxe3 Nf8 16. Ree1 Be6 17. b3 Rad8 18. Rxd8 Rxd8 19. Rd1 Rxd1+ 20. Qxd1 Kg7
21. Qd2 h6 22. Kh2 N8d7 23. Ng1 Nc5 24. Nge2 Bc8 25. Kg1 a5 26. Qd1 Ne6 27. Qd2
Nd7 28. f4 Qb6+ 29. Kf1 Qb4 30. Ke1 Qe7 31. Kd1 Nec5 32. Kc1 Nb6 33. fxe5 Qxe5
34. Qd4 Qxd4 35. Nxd4 Kf6 36. Kd2 Nbd7 37. Ke3 Ne5 38. Bf1 Be6 39. a3 g5 40.
Nxe6 Nxe6 41. b4 axb4 42. axb4 1/2-1/2

[Event "ENG-ch Senior Over 65"]
[Site "Kenilworth"]
[Date "2024.05.24"]
[Round "1.5"]
[White "Chandler, Cliff R"]
[Black "Bellers, Chris JV"]
[Result "1/2-1/2"]
[WhiteElo "2168"]
[BlackElo "1926"]
[PlyCount "81"]
[EventDate "2024.05.24"]
[EventType "swiss"]
[EventRounds "7"]
[EventCountry "ENG"]

1. e4 g6 2. d4 Bg7 3. Nc3 c5 4. dxc5 Bxc3+ 5. bxc3 Qa5 6. Bd3 Qxc5 7. Ne2 Nf6
8. Be3 Qa5 9. h3 Nc6 10. O-O d5 11. exd5 Nxd5 12. Bd2 Nf6 13. c4 Qa3 14. Nc3
O-O 15. Nb5 Qc5 16. Be3 Qe5 17. Re1 Qb8 18. Qd2 a6 19. Nc3 Rd8 20. Na4 Bf5 21.
Nb6 Bxd3 22. cxd3 Ra7 23. Nd5 Nxd5 24. cxd5 Rxd5 25. Bxa7 Qxa7 26. Rab1 b5 27.
Qc3 Qd7 28. Rbc1 Rd6 29. Re3 f6 30. Qc5 Ne5 31. Qc8+ Qxc8 32. Rxc8+ Kf7 33. Ra8
Nxd3 34. Ra7 Ne5 35. f4 Nd7 36. Kf2 f5 37. Ke2 h5 38. Rd3 Re6+ 39. Re3 Rd6 40.
Rd3 Re6+ 41. Re3 1/2-1/2

[Event "ENG-ch Senior Over 65"]
[Site "Kenilworth"]
[Date "2024.05.24"]
[Round "1.6"]
[White "Goodwin, Ed H"]
[Black "Snape, Ian L"]
[Result "0-1"]
[WhiteElo "1898"]
[BlackElo "2086"]
[PlyCount "156"]
[EventDate "2024.05.24"]
[EventType "swiss"]
[EventRounds "7"]
[EventCountry "ENG"]

1. d4 c5 2. d5 g6 3. Nc3 d6 4. e4 Bg7 5. Nf3 Nf6 6. Bb5+ Bd7 7. a4 Bxb5 8. axb5
O-O 9. O-O Nbd7 10. Re1 Ne8 11. Nd2 Nb6 12. Kh1 Nc7 13. f4 Qd7 14. Qe2 e6 15.
e5 exd5 16. Nf3 Rfe8 17. Qf1 dxe5 18. fxe5 Qf5 19. Qd3 Qxd3 20. cxd3 a6 21.
bxa6 Rxa6 22. Rxa6 bxa6 23. Bf4 Ne6 24. Bg3 d4 25. Ne4 Nd5 26. Ra1 Rb8 27. Rxa6
Ndc7 28. Ra2 Rb3 29. Ne1 Bh6 30. Kg1 Bc1 31. Kf1 Rxb2 32. Rxb2 Bxb2 33. Ke2 Nd5
34. Nf6+ Nxf6 35. exf6 Bc1 36. Kf3 Ng5+ 37. Ke2 h5 38. Bd6 Ne6 39. Kf3 Bd2 40.
Nc2 g5 41. Ke4 g4 42. Na3 Kh7 43. Nc4 Bb4 44. Kf5 Be1 45. Ne5 Kg8 46. Nc4 Bc3
47. Ne5 Ba5 48. Nc4 Bc7 49. Bxc7 Nxc7 50. Kg5 Ne8 51. Kxh5 Nxf6+ 52. Kg5 g3 53.
hxg3 Nd5 54. Kg4 Kg7 55. Kf3 Kf6 56. Nd2 Ke5 57. Ne4 Nb4 58. Nxc5 Kd5 59. Nb3
Nxd3 60. Kg4 Ke5 61. Nd2 Nf2+ 62. Kf3 Nd1 63. Ke2 Nb2 64. Kf3 Kd5 65. Kf4 Nc4
66. Nf3 d3 67. Kg5 Ke6 68. Nd4+ Kd5 69. Nf3 Ke6 70. Nd4+ Ke7 71. Nb5 d2 72. Nc3
Ne3 73. Kf4 d1=Q 74. Nxd1 Nxd1 75. g4 Kf6 76. g5+ Kg6 77. Kg4 Nc3 78. Kf4 Nd5+
0-1

[Event "ENG-ch Senior Over 65"]
[Site "Kenilworth"]
[Date "2024.05.24"]
[Round "1.7"]
[White "Norman, Kenneth I"]
[Black "Erdogan, Hassan"]
[Result "1/2-1/2"]
[WhiteElo "2116"]
[BlackElo "1877"]
[PlyCount "91"]
[EventDate "2024.05.24"]
[EventType "swiss"]
[EventRounds "7"]
[EventCountry "ENG"]

1. Nf3 d6 2. d4 Nd7 3. c4 e5 4. e4 Ngf6 5. Nc3 a5 6. Be2 c6 7. O-O Be7 8. Re1
O-O 9. Bf1 Qc7 10. b3 Re8 11. d5 Nf8 12. Bb2 Ng6 13. g3 Bd7 14. Rc1 c5 15. a4
b6 16. Bg2 Rad8 17. h3 Qc8 18. Kh2 h6 19. Rc2 Nh7 20. Bc1 f5 21. exf5 Bxf5 22.
Rce2 Rf8 23. Ne4 Rf7 24. Nfd2 Rdf8 25. f3 Ng5 26. Nxg5 Bxg5 27. Ne4 Bxe4 28.
fxe4 Bxc1 29. Qxc1 Rf2 30. Qd2 Rxe2 31. Qxe2 Rf6 32. Rf1 Qf8 33. Rxf6 Qxf6 34.
Qg4 Nf8 35. Qc8 Qe7 36. Qc6 Qd8 37. h4 Ng6 38. Bh3 Ne7 39. Qb7 g6 40. Qa7 g5
41. hxg5 hxg5 42. Qb7 Kg7 43. Kg2 Kf6 44. Bg4 Kg6 45. Qa7 Kh6 46. Qb7 1/2-1/2

[Event "ENG-ch Senior Over 65"]
[Site "Kenilworth"]
[Date "2024.05.24"]
[Round "1.8"]
[White "Spanton, Tim R"]
[Black "Moore, Geoffrey R"]
[Result "0-1"]
[WhiteElo "1902"]
[BlackElo "2014"]
[PlyCount "115"]
[EventDate "2024.05.24"]
[EventType "swiss"]
[EventRounds "7"]
[EventCountry "ENG"]

1. e4 c5 2. Nf3 d6 3. Bb5+ Bd7 4. Bxd7+ Qxd7 5. O-O Nc6 6. c3 Nf6 7. Qe2 e5 8.
d4 Be7 9. dxc5 dxc5 10. Rd1 Qg4 11. Nbd2 Rd8 12. h3 Qd7 13. Re1 h6 14. Nc4 Qe6
15. b3 O-O 16. Qc2 b5 17. Ne3 Rd7 18. Bb2 Rfd8 19. Rad1 Rxd1 20. Rxd1 Rxd1+ 21.
Nxd1 Nh5 22. Qd3 Nf4 23. Qxb5 Qg6 24. g3 Qxe4 25. gxf4 Qxf3 26. Ne3 Bh4 27. Qf1
exf4 28. Qg2 Bxf2+ 29. Qxf2 Qxe3 30. Qxe3 fxe3 31. Bc1 Ne5 32. Bxe3 Nd7 33. b4
Kf8 34. bxc5 Nb8 35. Kf2 Ke7 36. Bd4 f6 37. Ke3 Ke6 38. c4 Nc6 39. Bc3 g5 40.
Kf3 h5 41. Ke3 g4 42. hxg4 hxg4 43. Kf4 f5 44. a4 Ne7 45. Bd4 Ng6+ 46. Kg3 Ne5
47. a5 Nxc4 48. c6 a6 49. Kf4 Nd6 50. Be5 Nc8 51. c7 Ne7 52. c8=Q+ Nxc8 53. Bc3
Ne7 54. Kg5 Nd5 55. Bd4 Nb4 56. Bc3 Nd3 57. Kh4 Kd5 58. Kg5 0-1

[Event "ENG-ch Senior Over 65"]
[Site "Kenilworth"]
[Date "2024.05.24"]
[Round "1.9"]
[White "Page, Mark Edward"]
[Black "Dennis, Nigel W"]
[Result "1-0"]
[WhiteElo "2042"]
[BlackElo "1892"]
[PlyCount "117"]
[EventDate "2024.05.24"]
[EventType "swiss"]
[EventRounds "7"]
[EventCountry "ENG"]

1. e4 c5 2. Nf3 e6 3. c3 d5 4. e5 Nc6 5. d4 Qc7 6. Be2 a6 7. O-O Bd7 8. Be3
cxd4 9. cxd4 b5 10. a4 bxa4 11. Rxa4 Nb4 12. Ra1 Qb7 13. Nc3 Ne7 14. h4 Nf5 15.
g4 Nxe3 16. fxe3 Be7 17. Kh2 O-O 18. Qd2 Kh8 19. Kh3 f5 20. g5 g6 21. Ne1 Rfc8
22. Ng2 Be8 23. Nf4 Bf7 24. Rg1 Kg7 25. Rgc1 Rc7 26. Nd1 Rac8 27. Rxc7 Rxc7 28.
Rc1 a5 29. Nc3 Qc8 30. Ra1 Nc6 31. Nb5 Rb7 32. Qc2 Qd7 33. Nc3 Nb4 34. Qa4 Qxa4
35. Rxa4 Nc6 36. Bb5 Na7 37. Bd3 Bb4 38. Ra2 Kf8 39. Kg3 Ke7 40. Kf3 Be8 41.
Nce2 Bb5 42. Bxb5 Rxb5 43. h5 Kf7 44. hxg6+ hxg6 45. Ra1 Bf8 46. Rc1 Rb7 47.
Nd3 Be7 48. Rh1 Nc6 49. Nef4 Rb3 50. Rc1 Rb6 51. Nc5 Nd8 52. Ra1 Bxg5 53. Rxa5
Bxf4 54. Ra7+ Ke8 55. Kxf4 Rxb2 56. Kg5 Nc6 57. Rc7 Ne7 58. Kf6 Rb1 59. Rxe7+
1-0

[Event "ENG-ch Senior Over 65"]
[Site "Kenilworth"]
[Date "2024.05.24"]
[Round "1.10"]
[White "Neatherway, A Philip"]
[Black "Burnett, James"]
[Result "1/2-1/2"]
[WhiteElo "1831"]
[BlackElo "2014"]
[PlyCount "109"]
[EventDate "2024.05.24"]
[EventType "swiss"]
[EventRounds "7"]
[EventCountry "ENG"]

1. e4 e6 2. d4 d5 3. Nd2 c5 4. exd5 Qxd5 5. Ngf3 cxd4 6. Bc4 Qd6 7. O-O Nf6 8.
Nb3 Nc6 9. Nbxd4 Nxd4 10. Qxd4 Bd7 11. Bf4 Qxd4 12. Nxd4 a6 13. Rad1 Be7 14.
Rfe1 O-O 15. h3 Rac8 16. Bb3 Rfd8 17. Nf5 Bf8 18. Nd6 Bxd6 19. Bxd6 Bc6 20. Be7
Rxd1 21. Rxd1 Nd5 22. Bh4 f6 23. Bg3 Kf8 24. f3 Ke7 25. Kf2 g5 26. h4 gxh4 27.
Bxh4 Rg8 28. Bg3 Kf7 29. c4 Ne7 30. Rh1 Kg7 31. Bf4 Rd8 32. Bc2 Ng6 33. Be3 Rd7
34. b4 b5 35. c5 Kg8 36. Rd1 Rxd1 37. Bxd1 Kf7 38. Bb3 Ke7 39. Bd4 Nf4 40. a3
Ng6 41. g3 h5 42. Bc2 Kf7 43. Ke3 f5 44. Bd1 Bd5 45. f4 h4 46. gxh4 Nxh4 47.
Be5 Bc6 48. Bd6 Ke8 49. Kd4 Kd7 50. Ke5 Nf3+ 51. Bxf3 Bxf3 52. Kf6 Bd5 53. Ke5
Bb3 54. Bf8 Kc6 55. Bd6 1/2-1/2

[Event "ENG-ch Senior Over 65"]
[Site "Kenilworth"]
[Date "2024.05.24"]
[Round "1.11"]
[White "Jackson, Sheila"]
[Black "Norman, Dinah M"]
[Result "1-0"]
[WhiteElo "2010"]
[BlackElo "1823"]
[PlyCount "45"]
[EventDate "2024.05.24"]
[EventType "swiss"]
[EventRounds "7"]
[EventCountry "ENG"]

1. e4 d5 2. exd5 Qxd5 3. Nc3 Qd8 4. d4 Nf6 5. Nf3 Bf5 6. Bc4 e6 7. Bf4 c6 8.
Ne5 Be7 9. g4 Be4 10. Nxe4 Nxe4 11. Qd3 Nd6 12. Bb3 a5 13. a4 Na6 14. c3 Nc7
15. Bg3 Nd5 16. h4 Bf6 17. O-O-O g6 18. Bc2 O-O 19. f4 Bg7 20. h5 f6 21. Nxg6
hxg6 22. Qxg6 Ne7 23. Qh7+ 1-0

[Event "ENG-ch Senior Over 65"]
[Site "Kenilworth"]
[Date "2024.05.24"]
[Round "1.12"]
[White "Wall, Robert"]
[Black "Hughes, Roy"]
[Result "0-1"]
[WhiteElo "1766"]
[BlackElo "1988"]
[PlyCount "52"]
[EventDate "2024.05.24"]
[EventType "swiss"]
[EventRounds "7"]
[EventCountry "ENG"]

1. d4 d5 2. c4 c6 3. Nc3 Nf6 4. Bg5 e6 5. c5 Nbd7 6. Nf3 Qa5 7. Qd2 b6 8. cxb6
axb6 9. Bxf6 Nxf6 10. Ne5 Bb7 11. Nd3 c5 12. dxc5 bxc5 13. Nd1 c4 14. Qxa5 Rxa5
15. Ne5 Bb4+ 16. Nc3 d4 17. Nxc4 dxc3 18. Kd1 Rd5+ 19. Kc2 cxb2 20. Kxb2 O-O
21. Kb3 Be7 22. f3 Rb8 23. e4 Ba6+ 24. Kc3 Rc5 25. Rc1 Nd7 26. Kd2 Bg5+ 0-1

[Event "ENG-ch Senior Over 65"]
[Site "Kenilworth"]
[Date "2024.05.24"]
[Round "1.13"]
[White "Wager, John D"]
[Black "Clare, Steve"]
[Result "1-0"]
[WhiteElo "2020"]
[BlackElo "1765"]
[PlyCount "127"]
[EventDate "2024.05.24"]
[EventType "swiss"]
[EventRounds "7"]
[EventCountry "ENG"]

1. Nf3 f5 2. d4 Nf6 3. c4 d6 4. Nc3 e6 5. g3 Be7 6. Bg2 O-O 7. O-O Ne4 8. Qc2
Nxc3 9. bxc3 g5 10. a4 g4 11. Ne1 Qe8 12. Nd3 Bf6 13. Ba3 Rf7 14. Rab1 Nc6 15.
d5 Na5 16. c5 Nc4 17. Qa2 Nxa3 18. Qxa3 e5 19. cxd6 e4 20. Nf4 cxd6 21. c4 Be5
22. e3 Rc7 23. Rfc1 Bd7 24. a5 Rac8 25. Bf1 h5 26. Rb4 Qf7 27. Rcb1 Rb8 28. Be2
Qh7 29. Bd1 h4 30. Ba4 hxg3 31. fxg3 Qh6 32. Bxd7 Rxd7 33. Qa2 Rh7 34. Rc1 Bxf4
35. exf4 Qf6 36. Qb2 Qxb2 37. Rxb2 Re7 38. Kf2 Kf7 39. Ke3 Kf6 40. c5 Rc7 41.
c6 b6 42. axb6 axb6 43. Ra1 Ke7 44. Ra6 Kd8 45. Raxb6 Rxb6 46. Rxb6 Kc8 47. Ra6
Kb8 48. Ra2 Rh7 49. Kd4 Re7 50. Kc4 Rh7 51. Kb5 e3 52. Kc4 Re7 53. Kd3 Rh7 54.
Kxe3 Re7+ 55. Kd3 Re4 56. Re2 Ra4 57. Re6 Kc7 58. Rf6 Ra2 59. Rxf5 Rxh2 60. Rg5
Kb6 61. Rxg4 Kc5 62. Rg5 Rf2 63. Ke4 Re2+ 64. Kf3 1-0

[Event "ENG-ch Senior Over 65"]
[Site "Kenilworth"]
[Date "2024.05.24"]
[Round "1.14"]
[White "Harvey, John"]
[Black "Hutchinson, Paul A"]
[Result "0-1"]
[WhiteElo "1697"]
[BlackElo "1970"]
[PlyCount "56"]
[EventDate "2024.05.24"]
[EventType "swiss"]
[EventRounds "7"]
[EventCountry "ENG"]

1. c4 Nf6 2. g3 g6 3. Bg2 Bg7 4. Nc3 e5 5. e3 Nc6 6. Nge2 O-O 7. O-O d6 8. d4
a6 9. d5 Ne7 10. e4 Nd7 11. b4 a5 12. Rb1 axb4 13. Rxb4 Nc5 14. Qc2 b6 15. Be3
Bd7 16. f4 f5 17. Bxc5 bxc5 18. Rb3 Nc8 19. Nc1 Nb6 20. Qe2 exf4 21. gxf4 Qf6
22. Rd1 Rae8 23. Nb5 Bxb5 24. cxb5 fxe4 25. Bh3 Qxf4 26. Be6+ Kh8 27. Rf1 Bd4+
28. Kh1 Qxf1+ 0-1

[Event "ENG-ch Senior Over 65"]
[Site "Kenilworth"]
[Date "2024.05.24"]
[Round "1.15"]
[White "Punnett, Alan K"]
[Black "Morris, Nigel W"]
[Result "1-0"]
[WhiteElo "1963"]
[BlackElo "1637"]
[PlyCount "59"]
[EventDate "2024.05.24"]
[EventType "swiss"]
[EventRounds "7"]
[EventCountry "ENG"]

1. e4 c5 2. Nf3 d6 3. Bb5+ Nd7 4. O-O Ngf6 5. Re1 a6 6. Bf1 e6 7. a4 Be7 8. c3
b6 9. d4 cxd4 10. cxd4 Bb7 11. Nc3 O-O 12. Bd3 e5 13. h3 Qc7 14. Bg5 Rfe8 15.
Rc1 Qb8 16. Bb1 Qa7 17. Bh4 Rac8 18. Bg3 Bf8 19. Ba2 Qb8 20. Ng5 Re7 21. Nxf7
Rxf7 22. Qb3 d5 23. dxe5 Nc5 24. Qd1 Nfxe4 25. e6 Bd6 26. exf7+ Kxf7 27. Bxd5+
Bxd5 28. Qxd5+ Kf8 29. Nxe4 Bxg3 30. Nxg3 1-0

[Event "ENG-ch Senior Over 65"]
[Site "Kenilworth"]
[Date "2024.05.24"]
[Round "1.16"]
[White "Carpenter, David J"]
[Black "Bray, Dave J"]
[Result "0-1"]
[WhiteElo "1635"]
[BlackElo "1963"]
[PlyCount "80"]
[EventDate "2024.05.24"]
[EventType "swiss"]
[EventRounds "7"]
[EventCountry "ENG"]

1. Nf3 Nf6 2. g3 d5 3. Bg2 e6 4. O-O Be7 5. d3 O-O 6. Nbd2 c5 7. Re1 Nc6 8. c4
Qc7 9. cxd5 exd5 10. Nf1 Rd8 11. a3 b5 12. Bf4 Qb6 13. Qc2 Be6 14. Rec1 Rac8
15. Be3 d4 16. Bd2 a5 17. Bg5 a4 18. Bxf6 gxf6 19. N1d2 Na5 20. Re1 Bb3 21.
Nxb3 Nxb3 22. Rad1 c4 23. dxc4 bxc4 24. Nd2 c3 25. Nb1 Na1 26. Qf5 Rc5 27. Qg4+
Rg5 28. Qe4 c2 29. Qxe7 cxd1=Q 30. Rxd1 Re5 31. Qb4 Qxb4 32. axb4 Rxe2 33. b5
Rxb2 34. Na3 Nc2 35. Nxc2 Rxc2 36. b6 a3 37. Be4 Rb2 38. b7 a2 39. Rc1 d3 40.
Bxd3 Rxd3 0-1

[Event "ENG-ch Senior Over 65"]
[Site "Kenilworth"]
[Date "2024.05.24"]
[Round "1.17"]
[White "Moore, John C"]
[Black "Robinson, Steve"]
[Result "1-0"]
[WhiteElo "1950"]
[BlackElo "1632"]
[PlyCount "57"]
[EventDate "2024.05.24"]
[EventType "swiss"]
[EventRounds "7"]
[EventCountry "ENG"]

1. e4 Nf6 2. e5 Nd5 3. d4 d6 4. c4 Nb6 5. exd6 cxd6 6. Nc3 g6 7. Be3 Bg7 8. Rc1
O-O 9. b3 N8d7 10. c5 dxc5 11. dxc5 Bxc3+ 12. Rxc3 Nd5 13. Qxd5 Qa5 14. Qd2 Nf6
15. Rc4 Qxd2+ 16. Kxd2 Rd8+ 17. Rd4 Rxd4+ 18. Bxd4 e5 19. Bxe5 Ne4+ 20. Ke3
Nxc5 21. Bc4 Bf5 22. f4 Bb1 23. b4 Nd7 24. Nf3 Nb6 25. Bb3 Bf5 26. Rc1 Rd8 27.
Nd4 Nd5+ 28. Bxd5 Rxd5 29. Nxf5 1-0

[Event "ENG-ch Senior Over 65"]
[Site "Kenilworth"]
[Date "2024.05.24"]
[Round "1.18"]
[White "Selley, Susan A"]
[Black "Myall, Ivan J"]
[Result "0-1"]
[WhiteElo "1621"]
[BlackElo "1933"]
[PlyCount "76"]
[EventDate "2024.05.24"]
[EventType "swiss"]
[EventRounds "7"]
[EventCountry "ENG"]

1. c4 Nf6 2. Nc3 e6 3. a3 d5 4. e3 c5 5. cxd5 exd5 6. d4 Nc6 7. dxc5 Bxc5 8. b4
Be7 9. Nf3 O-O 10. Nb5 a5 11. bxa5 Qxa5+ 12. Bd2 Qd8 13. Be2 Ne4 14. O-O Bf6
15. Rc1 Be6 16. Bb4 Nxb4 17. axb4 Qb6 18. Nc7 Rad8 19. Nxe6 fxe6 20. Nd4 e5 21.
Nc2 Nc3 22. Qe1 Nxe2+ 23. Qxe2 d4 24. Qc4+ Kh8 25. exd4 exd4 26. Rcd1 Rc8 27.
Qd3 Rfd8 28. Rfe1 Qc7 29. Rd2 Qc3 30. Qxc3 dxc3 31. Rde2 h6 32. g3 Rd2 33. f4
Rcd8 34. Kf1 Kh7 35. Kf2 h5 36. h3 R8d3 37. Kg2 h4 38. Rxd2 Rxd2+ 0-1

[Event "ENG-ch Senior Over 65"]
[Site "Kenilworth"]
[Date "2024.05.24"]
[Round "1.19"]
[White "Stokes, Mike R"]
[Black "Collins, Nigel"]
[Result "1-0"]
[WhiteElo "1968"]
[BlackElo "1602"]
[PlyCount "67"]
[EventDate "2024.05.24"]
[EventType "swiss"]
[EventRounds "7"]
[EventCountry "ENG"]

1. e4 c5 2. d4 cxd4 3. c3 dxc3 4. Nxc3 Nc6 5. Nf3 e6 6. Bc4 Bb4 7. O-O Nge7 8.
e5 Ng6 9. Qe2 O-O 10. Bg5 Be7 11. Bxe7 Qxe7 12. Rad1 b6 13. a3 Bb7 14. Rd2 Na5
15. Rd4 Bxf3 16. gxf3 Qg5+ 17. Rg4 Qxe5 18. Qd2 Nxc4 19. Rxc4 d5 20. Rg4 Qf5
21. Rg3 Ne5 22. Qe2 Nc6 23. Kh1 Rad8 24. Rfg1 g6 25. Qd1 Qe5 26. Re1 Qd4 27.
Qc2 Qc5 28. Qe2 Qd4 29. Nd1 Qc4 30. Qe3 Qd4 31. Qh6 Qg7 32. Qh3 Qf6 33. Ne3
Qxb2 34. Ng4 1-0

[Event "ENG-ch Senior Over 65"]
[Site "Kenilworth"]
[Date "2024.05.25"]
[Round "2.1"]
[White "Hughes, Roy"]
[Black "Large, Peter G"]
[Result "0-1"]
[WhiteElo "1988"]
[BlackElo "2313"]
[PlyCount "74"]
[EventDate "2024.05.24"]
[EventType "swiss"]
[EventRounds "7"]
[EventCountry "ENG"]

1. d4 e6 2. Nf3 Nf6 3. Bf4 b6 4. e3 Bb7 5. Nbd2 Be7 6. h3 O-O 7. Bd3 c5 8. c3
cxd4 9. exd4 d6 10. Qe2 Nbd7 11. O-O Re8 12. Ne4 Nxe4 13. Bxe4 Qc7 14. a4 Nf6
15. Bd3 a6 16. Rfd1 h6 17. c4 Bf8 18. b3 e5 19. dxe5 dxe5 20. Bh2 Qc5 21. Bc2
e4 22. Ne1 e3 23. f3 Qg5 24. f4 Qh4 25. Nf3 Qh5 26. Nd4 Qc5 27. Kh1 Rad8 28.
Nf3 Qh5 29. Bg3 Bc5 30. Ng1 Qxe2 31. Nxe2 Rd2 32. Rxd2 exd2 33. Bd1 Ne4 34. Kh2
Bb4 35. Bh4 Nc3 36. Nxc3 Bxc3 37. Bc2 Bxa1 0-1

[Event "ENG-ch Senior Over 65"]
[Site "Kenilworth"]
[Date "2024.05.25"]
[Round "2.2"]
[White "Littlewood, Paul E"]
[Black "Wager, John D"]
[Result "1-0"]
[WhiteElo "2317"]
[BlackElo "2020"]
[PlyCount "33"]
[EventDate "2024.05.24"]
[EventType "swiss"]
[EventRounds "7"]
[EventCountry "ENG"]

1. e4 c6 2. d4 d5 3. f3 dxe4 4. fxe4 e5 5. Nf3 exd4 6. Bc4 Be6 7. Bxe6 fxe6 8.
O-O Be7 9. Nxd4 Qd6 10. Bf4 Qd7 11. Nc3 Na6 12. Be5 Nf6 13. Qe2 O-O 14. Rad1
Bc5 15. Kh1 Rad8 16. Bxf6 Rxf6 17. Nxe6 1-0